000 00839nam a2200229Ia 4500
003 OSt
005 20220923212111.0
006 a|||||r|||| 00| 0
007 ta
008 220922b |||||||| |||| 00| 0 hin d
024 _a150,713
037 _cTextual
040 _aARTS
_cARTS
_bhin
041 _2hin
_ahin
082 _aL:4:6, 152K6
100 _aकाल्डर, रिशी
245 0 _aचिकित्सा और मानव* चिकित्सा कला और विज्ञान की कहानी, माघवसिंह द्वारा अनु
246 _aChikitsā aur mānava: chikitsā kalā aur vijnyān kī kahānī, māghavasianha dvārā anu0
260 _c1966
942 _hL:4:6, 152K6
_cTEXL
_2CC
999 _c306393
_d306393